| 000 | 00702nam a2200205 i 4500 | ||
|---|---|---|---|
| 001 | 186708 | ||
| 003 | ES-MaACL | ||
| 005 | 20251217063024.0 | ||
| 008 | 170208s1909 sp |||| | spa d | ||
| 080 | _a821.134.2-32"18" | ||
| 100 | 1 |
_aLaserna, José de, _d1855-1927 _9161664 |
|
| 245 | 1 | 0 |
_aLa Rebolledo _b: novela / _cde José de Laserna ; ilustraciones de Fernández-Mota. |
| 260 |
_aMadrid : _bLos Contemporáneos, _c1909. |
||
| 300 |
_a[20 p.] : _bil. ; _c27 cm. |
||
| 490 | 1 |
_aLos contemporáneos ; _vaño 1, n. 33 |
|
| 700 | 1 |
_aMota, F. ( _dfl. 1901) _949947 |
|
| 830 | 0 |
_aLos contemporáneos ; _vaño 1, n. 33 _9185715 |
|
| 852 |
_aES-MaACL _jR-2597(6) |
||
| 999 |
_c186708 _d186708 |
||